000 00613nam a22002417a 4500
001 35623
003 UA-OsUOA
005 20230115134228.0
007 ta
008 20051208b un ||||| |||| 00| 0 ukr d
020 _a5-02-026798-8
040 _aUA-OsUOA
_brus
_cUA-OsUOA
_dUA-OsUOA
041 _arus
080 _a1(091)
090 _a1(091)
_bЯ84
100 _aЯсперс К.
245 _aВсемирная история философии
260 _aСПб
_bНаука
_c2000
300 _a272 с.
650 7 _a1(091) Історія філософії
_2UDC
942 _cBK
_2udc
955 _a2
999 _c321986
_d321986